Saqueboute trombone e organo nell'Italia del sei e settecento (Lp Arn 416) (Record n. 102701)

Dettagli MARC
000 -LEADER
fixed length control field 02091njm a2200361Ia 4500
001 - CONTROL NUMBER
control field 23823
003 - CONTROL NUMBER IDENTIFIER
control field IT-RoPAU
005 - DATE AND TIME OF LATEST TRANSACTION
control field 20220918181157.0
008 - FIXED-LENGTH DATA ELEMENTS--GENERAL INFORMATION
fixed length control field 131025s9999 xx 000 0 und d
040 ## - CATALOGING SOURCE
Original cataloging agency IT-RoPAU
040 ## - CATALOGING SOURCE
Transcribing agency IT-RoPAU
999 ## - SYSTEM CONTROL NUMBERS (KOHA)
Koha Dewey Subclass [OBSOLETE] n.d.
100 ## - MAIN ENTRY--PERSONAL NAME
Personal name AA.VV
9 (RLIN) 794
100 ## - MAIN ENTRY--PERSONAL NAME
Relator term Autore musica
9 (RLIN) 6301
100 ## - MAIN ENTRY--PERSONAL NAME
Miscellaneous information Codice autore musica SPICS: 12000
9 (RLIN) 796
245 ## - TITLE STATEMENT
Title Saqueboute trombone e organo nell'Italia del sei e settecento (Lp Arn 416)
250 ## - EDITION STATEMENT
Edition statement 1a ed.
260 ## - PUBLICATION, DISTRIBUTION, ETC. (IMPRINT)
Place of publication, distribution, etc. VARESE
260 ## - PUBLICATION, DISTRIBUTION, ETC. (IMPRINT)
Name of publisher, distributor, etc. ARION - DUCALE
Date of publication, distribution, etc. 1975 [1a Ed.:1975]
300 ## - PHYSICAL DESCRIPTION
Extent DISCO
300 ## - PHYSICAL DESCRIPTION
Dimensions 42 minuti (Testo: pag.)
500 ## - GENERAL NOTE
General note Musica classica. Sei-settecento: saqueboute, trombone, organo
505 ## - FORMATTED CONTENTS NOTE
Formatted contents note Sonata in la minore: trombone tenore e basso (7:00) - Sonata in do maggiore op. XIII N.2: trombone contralto organo (6:00) - Sonata in re minore op.V N.8: trombone tenore e organo (8:00) - Tre canzoni: canzon per sonar in re/in sol/in do (13:00) - Quinto & quarto concerto (5:00) - Concerto ecclesiastico per Saqueboute e organo di Mathieu (4:00)
511 ## - PARTICIPANT OR PERFORMER NOTE
Participant or performer note Jean Pierre Mathieu: trombne e saqueboute, Georges Devaliee: organo
650 ## - SUBJECT ADDED ENTRY--TOPICAL TERM
Topical term or geographic name as entry element CLASSICA [DISCHI]
Relator term Codice MATERIA SPICS: 9950
9 (RLIN) 1157
700 ## - ADDED ENTRY--PERSONAL NAME
Personal name Marcello Benedetto
Dates associated with a name Codice autore musica SPICS: 8256
Relator term Autore musica
Name of part/section of a work Sonata in la minore: trombone tenore e basso
9 (RLIN) 6302
700 ## - ADDED ENTRY--PERSONAL NAME
Personal name Vivaldi Antonio
Dates associated with a name Codice autore musica SPICS: 11195
Relator term Autore musica
Name of part/section of a work Sonata in do maggiore op. XIII N.2: trombone contralto organo
9 (RLIN) 6303
700 ## - ADDED ENTRY--PERSONAL NAME
Personal name Corelli Arcangelo
Dates associated with a name Codice autore musica SPICS: 7993
Relator term Autore musica
Name of part/section of a work Sonata in re minore op.V N.8: trombone tenore e organo
9 (RLIN) 6304
700 ## - ADDED ENTRY--PERSONAL NAME
Personal name Frescobaldi Girolamo
Dates associated with a name Codice autore musica SPICS: 12254
Relator term Autore musica
Name of part/section of a work Tre canzoni: canzon per sonar in re/in sol/in do
9 (RLIN) 6305
700 ## - ADDED ENTRY--PERSONAL NAME
Personal name Puliti Fra Gabriello
Dates associated with a name Codice autore musica SPICS: 13876
Relator term Autore musica
Name of part/section of a work Quinto & quarto concerto
9 (RLIN) 6306
700 ## - ADDED ENTRY--PERSONAL NAME
Personal name Ala Da Monza Giovanni Battista
Dates associated with a name Codice autore musica SPICS: 13877
Relator term Autore musica
Name of part/section of a work Concerto ecclesiastico per Saqueboute e organo di Mathieu
9 (RLIN) 6307
942 ## - ADDED ENTRY ELEMENTS (KOHA)
Koha item type DISCHI
Source of classification or shelving scheme Dewey Decimal Classification
Dati di copia
Withdrawn status Lost status Damaged status Not for loan Home library Current library Date acquired Total Checkouts Full call number Date last seen Price effective from Koha item type Public note
    Buone Condizioni Not For Loan SPICS-MEDIATECA SPICS-MEDIATECA 25/10/2013   23823 25/10/2013 25/10/2013 DISCHI Progr. Ins.: 8600 / N.Vol.: n.d. / Copie: 1 - Copia rara: n.d. / date import: 01.01.2014 - By Epidotti, Trombetti, Vaglietti
CREDITS: SOCIETA' SAN PAOLO Via A.Severo, 58 - ROMA (RM) & PERIODICI SAN PAOLO SRL Via Giotto, 36 MILANO & CISF Via Giotto, 36 MILANO & EDIZIONI SAN PAOLO SRL,  Piazza Soncino, 5 CINISELLO BALSAMO (MI) -- ITALY